| 000 | 00693cam a2200181 i 4500 | ||
|---|---|---|---|
| 005 | 20251230105413.0 | ||
| 008 | 250721s1998 ua gr 000 0 ara d | ||
| 020 | _a9772153599 | ||
| 082 | 1 | 4 |
_a219 _bم ح م |
| 100 | 1 |
_aمحمود، عبد الحليم _eمؤلف. |
|
| 245 | 1 | 2 |
_aالرسول صلى الله عليه وسلم : _bلمحات من حياته وأنوار من هديه / _cبقلم العارف بالله الإمام عبد الحليم محمود. |
| 264 | 3 | 1 |
_aالقاهرة : _bدار غريب للنشر، _c1998. |
| 300 | _a208 صفحة. | ||
| 650 | 1 | 7 | _aالسيرة النبوية. |
| 650 | 1 | 7 | _aالإسلام. |
| 942 |
_2ddc _cBK |
||
| 999 |
_c42067 _d42067 |
||